[Event "POR-chT 1st League 2017"]
[Site "Leiria"]
[Date "2017.07.17"]
[Round "1"]
[White "Cavaleiro, Daniel Felipe Costa"]
[Black "Padeiro, Jose"]
[Result "0-1"]
[WhiteElo "2006"]
[BlackElo "2276"]
[Annotator "ChessBase"]
[PlyCount "58"]
[EventDate "2017.??.??"]
[EventType "team-tourn"]
[EventCountry "POR"]
[SourceTitle "playchess.com"]
[Source "ChessBase"]
[SourceQuality "1"]
[TimeControl "5400+30"]

1. d4 {[%emt 0:00:00]} c5 {[%emt 0:01:02]} 2. d5 {[%emt 0:00:14]} e5 {[%emt 0:00:09]} 3. c4 {[%emt 0:02:54]} d6 {[%emt 0:00:06]} 4. Nc3 {[%emt 0:01:04]} Be7 {[%emt 0:05:32]} 5. Nf3 {[%emt 0:03:10]} f5 {[%emt 0:01:59]} 6. h4 {[%emt 0:03:06]} h6 {[%emt 0:02:31]} 7. e4 {[%emt 0:04:53]} Nf6 {[%emt 0:04:03]} 8. Qc2 {[%emt 0:11:18]} f4 {[%emt 0:00:51]} 9. g3 {[%emt 0:04:26]} fxg3 {[%emt 0:01:58]} 10. fxg3 {[%emt 0:00:22]} O-O {[%emt 0:10:38]} 11. Qg2 {[%emt 0:08:36]} Qe8 12. Be2 {[%emt 0:08:00]} Qg6 {[%emt 0:13:22]} 13. Ng5 {[%emt 0:07:50]} Bd8 {[%emt 0:19:32]} 14. Ne6 {[%emt 0:16:19]} Bxe6 {[%emt 0:00:11]} 15. dxe6 {[%emt 0:00:05]} Ba5 {[%emt 0:00:25]} 16. O-O {[%emt 0:02:57]} Bxc3 {[%emt 0:01:40]} 17. bxc3 {[%emt 0:00:29]} Nc6 {[%emt 0:00:15]} 18. Bf3 {[%emt 0:07:21]} Rae8 {[%emt 0:02:27]} 19. Rb1 {[%emt 0:01:42]} Nd8 {[%emt 0:02:04]} 20. Rb2 {[%emt 0:02:43]} b6 {[%emt 0:03:54]} 21. g4 {[%emt 0:00:50]} Nxe6 {[%emt 0:00:24]} 22. h5 {[%emt 0:04:05]} Qf7 {[%emt 0:02:16]} 23. Rbf2 {[%emt 0:04:56]} Nh7 {[%emt 0:07:47]} 24. Bd1 {[%emt 0:00:52]} Nf4 {[%emt 0:04:46]} 25. Bxf4 {[%emt 0:00:34]} exf4 {[%emt 0:00:05]} 26. Ba4 {[%emt 0:00:23]} Re5 {[%emt 0:03:21]} 27. Bc6 {[%emt 0:00:35]} Qf6 {[%emt 0:00:36]} 28. Qf3 {[%emt 0:01:02]} Ng5 {[%emt 0:00:28]} 29. Qd3 {[%emt 0:01:04]} f3 {[%emt 0:00:10]} 0-1

[Event "POR-chT 1st League 2017"]
[Site "Leiria"]
[Date "2017.07.17"]
[Round "1"]
[White "Tubio Agrasar, Pablo"]
[Black "Petkov, Vladimir"]
[Result "*"]
[WhiteElo "1988"]
[BlackElo "2489"]
[Annotator "TA"]
[PlyCount "33"]
[EventDate "2017.??.??"]
[EventType "team-tourn"]
[EventCountry "POR"]
[SourceTitle "playchess.com"]
[Source "ChessBase"]
[SourceQuality "1"]

{[%evp 16,20,0,-6,0,2,4]} 1. d4 Nf6 2. c4 g6 3. g3 Bg7 4. Bg2 d6 5. Nc3 O-O 6. Nf3 c5 7. O-O Nc6 8. d5 Na5 9. Qd3 {LiveBook: 49 Games} Rb8 {E66: King's Indian: Fianchetto: 6...c5 7 0-0 Nc6 8 d5} (9... a6 10. Rb1 b5 11. Nd2 Nd7 12. cxb5 axb5 13. Nxb5 Ba6 14. a4 Rb8 15. b3 Ne5 16. Qe4 Bxb5 17. axb5 Rxb5 18. Ba3 {½-½ (32) Plat,V (2519)-Van Kampen,R (2640) Baku 2016}) 10. Bf4 a6 {Predecessor:} 11. Rfe1 $146 b5 12. cxb5 axb5 13. e4 b4 14. Nd1 Qb6 15. Qc2 Ba6 16. Nd2 Nd7 17. Be3 {0-1 (58) Schriebl,A (2086)-Hatzl,S (2183) Austria 2013} *

[Event "POR-chT 1st League 2017"]
[Site "Leiria"]
[Date "2017.07.18"]
[Round "2"]
[White "Fier, Alexandr"]
[Black "Zelbel, Patrick"]
[Result "1/2-1/2"]
[WhiteElo "2589"]
[BlackElo "2452"]
[Annotator "TA"]
[PlyCount "123"]
[EventDate "2017.??.??"]
[EventType "team-tourn"]
[EventCountry "POR"]
[SourceTitle "playchess.com"]
[Source "ChessBase"]
[SourceQuality "1"]

{[%evp 10,123,14,14,44,27,43,27,45,20,50,37,40,40,40,45,57,52,60,55,53,43,43,36,46,40,47,47,62,72,115,110,110,114,161,185,151,127,143,116,171,78,78,78,160,139,141,40,46,50,79,12,35,5,57,81,70,18,73,43,40,-58,-64,-89,-82,-79,-89,-83,-84,-73,17,10,10,10,11,-11,-14,-17,0,-14,0,0,0,0,0,-8,0,-22,-18,-8,-12,-16,0,0,0,0,0,0,0,0,0,0,0,0,0,0,0,0,0,0,0,-8,-8,-8,-8,-8]} 1. d4 Nf6 2. c4 e6 3. Nf3 Bb4+ 4. Nbd2 O-O 5. a3 Be7 6. e4 d6 {E11: Bogo-Indian} (6... d5 $5 {[%cal Rd5e4]}) 7. Be2 Nbd7 8. Qc2 e5 {White has an edge.} 9. O-O a5 10. Nb1 exd4 11. Nxd4 Nc5 12. Nc3 Re8 13. f3 c6 14. Be3 a4 $146 15. Rad1 Qc7 16. Kh1 Bf8 17. g4 g6 18. Rg1 b6 19. Qd2 Ra5 20. Nf5 Bxf5 (20... gxf5 $2 21. gxf5+ Kh8 22. Bd4 $18) 21. gxf5 d5 22. cxd5 cxd5 23. fxg6 (23. Nxd5 $6 Nxd5 24. Qxd5 Nxe4 $14) 23... hxg6 {[%cal Rd5e4]} 24. Bf4 Qd8 (24... Qc8 $16) 25. e5 ({Don't do} 25. Nxd5 $6 Nxd5 26. Qxd5 Qf6 $14) (25. Bb5 $18 {is more deadly.}) 25... Nh5 $16 26. Bg5 (26. Nxd5 Nb3 $14) 26... Be7 (26... Qa8 $142) 27. Bxe7 Qxe7 28. Nxd5 ({White should play} 28. Bb5 $1 $16 Rc8 29. Nxd5) 28... Qxe5 $14 29. Bc4 {[%cal Be2c4,Bc4d5,Bd5e4][%mdl 32]} Ne6 {[%cal Bc5e6,Be6g5,Bg5h3,Bh3f4,Bf4d3][%mdl 32]} 30. Nxb6 (30. Rde1 $1 $16 {[%cal Re1e5]} Qf5 31. Qc3) 30... Qf5 (30... Qf6 $5 {[%cal Rf6f3]} 31. Rdf1 Qf5 $16) 31. Bd5 (31. Qc3 $5 {[%cal Rc4e6]} Rc5 32. Bxe6 fxe6 33. Qe3 $16) 31... Rc5 (31... Ra6 $11 32. Be4 Qh3) 32. Be4 Qh3 33. Nxa4 (33. Qf2 $14) 33... Rg5 (33... Re5 $11 {keeps the balance.}) 34. Rxg5 Nxg5 35. Qg2 (35. Qxg5 $14 Rxe4 36. Nc3 (36. Rd8+ Kg7 $11)) 35... Qh4 $1 $15 36. Nc3 {[#]} Nh3 $1 {[%cal Rh3f2]} 37. Rf1 {[#]} Re5 $1 {[%cal Re5g5]} 38. f4 N3xf4 39. Qf2 Qxf2 ({Black should try} 39... Qh3 $17 40. Rd1 Kg7) 40. Rxf2 $11 {The position is equal.} f5 41. Bg2 $1 Nd3 42. Rf1 Nxb2 43. Rb1 Nf4 (43... Re3 {is interesting.} 44. Nb5 Na4 45. Rc1 Nf6 46. h3 Ne4) 44. h4 (44. Bf1 {is more complex.} Nfd3 45. a4 Kg7 46. Kg1 Rc5 47. Nb5) 44... Nxg2 (44... Nfd3 {seems wilder.} 45. Bf1 Rc5 46. Na4 Nxa4 47. Bxd3 Rc3) 45. Kxg2 {[%mdl 4096] Endgame KRN-KRN} Rc5 46. Ne2 Rc2 47. Kf3 Kg7 48. Rg1 Nc4 49. Nd4 Rc3+ 50. Kf4 {Threatens to win with h5.} Rxa3 {White should prevent ...Kf6.} (50... Kf6 {looks sharper.} 51. Re1 Rd3 52. Nf3 Rxa3 53. Ng5 Nb2) 51. h5 Ra6 52. Nxf5+ Kf7 53. Nh6+ Kg7 54. Ng4 Kh7 55. h6 Nd6 56. Rd1 Ra4+ 57. Kf3 Ra3+ 58. Kg2 Ra6 59. Kh3 Ra3+ 60. Kh4 (60. Kh2 $5 {[%cal Rd1d6]} Ra2+ 61. Kh3 Ra3+ 62. Kh2 $11) 60... Nf7 {( -> ...g5+)} 61. Rh1 Nxh6 62. Nxh6 {Precision: White = 64%, Black = 47%.} 1/2-1/2

[Event "POR-chT 1st League 2017"]
[Site "Leiria"]
[Date "2017.07.18"]
[Round "2"]
[White "Ftacnik, Lubomir"]
[Black "Espineira Gonzalez, Diego"]
[Result "1-0"]
[WhiteElo "2551"]
[BlackElo "2364"]
[Annotator "TA"]
[PlyCount "69"]
[EventDate "2017.??.??"]
[EventType "team-tourn"]
[EventCountry "POR"]
[SourceTitle "playchess.com"]
[Source "ChessBase"]
[SourceQuality "1"]

{[%evp 17,69,62,63,52,58,19,33,7,14,6,22,7,11,-22,11,10,13,15,29,37,142,-18,-12,-10,-10,-49,-4,0,-20,-54,-71,-103,227,231,194,214,199,210,187,168,166,116,170,180,166,118,85,99,91,58,60,66,368,364]} 1. d4 Nf6 2. Nf3 g6 3. c4 Bg7 4. Nc3 d6 5. e4 O-O 6. Be2 Bg4 7. Be3 Nfd7 8. Rc1 c5 9. d5 Na6 10. Qd2 {E91: King's Indian: Classical: 6 Be2, unusual replies including 6...c5 and 6...Bg4} (10. O-O Nc7 11. h3 Bxf3 12. Bxf3 a6 13. a4 Re8 14. Qd2 e6 15. a5 exd5 16. exd5 Qh4 17. Bg4 Rxe3 18. Qxe3 {1-0 (41) Gelfand,B (2750)-Kramnik,V (2790) Nice 2010}) 10... Nc7 11. Bh6 Bxf3 12. Bxf3 {White is slightly better.} Bxh6 13. Qxh6 e6 14. h4 {[%cal Bh2h4,Bh4h5][%mdl 32]} exd5 {[#]} 15. cxd5 $146 ({Predecessor:} 15. exd5 Qe7+ 16. Kf1 f5 17. Re1 Qg7 {1-0 (51) Ftacnik,L (2579)-Marzolo,C (2440) Evora 2006}) 15... Qf6 16. Bg4 Ne5 17. Be2 b5 {[%cal Bb7b5,Bb5b4][%mdl 32]} 18. h5 Qg7 (18... b4 $14) 19. Qd2 $2 (19. Qxg7+ $1 $16 Kxg7 20. h6+ (20. Nxb5 Nxb5 21. Bxb5 Rab8 $11) 20... Kg8 21. f4 (21. Nxb5 Nxb5 22. Bxb5 Rab8 $11)) 19... b4 $11 20. Nd1 f5 21. hxg6 $1 hxg6 22. f4 {[%cal Bf2f4,Bf4f5][%mdl 32]} Nd7 23. Ne3 fxe4 24. Ng4 {Threatens to win with Nh6+.} Rfe8 $2 {[%mdl 8192] [#]} (24... Kf7 $1 $17 {keeps the pressure on.} 25. O-O Rae8) 25. f5 $1 $18 Nf6 {[#]} 26. Rh6 $1 {Qg5 is the strong threat.} Nxg4 ({Don't play} 26... e3 $6 27. Qc2 $14) 27. Rxg6 Qxg6 28. fxg6 e3 29. Qd3 Ne5 (29... Nf6 $16) 30. Qxe3 Kg7 31. Kf1 {aiming for Kg1.} Nxd5 32. Qd2 $36 {[%mdl 2048] White is really pushing.} Rf8+ 33. Kg1 ({Reject} 33. Ke1 Nf4 $11) 33... Nf4 34. Rf1 Nexg6 $2 {[%mdl 8192]} (34... Nxe2+ $14 35. Qxe2 Rxf1+ 36. Qxf1 Rf8) 35. Bg4 {Precision: White = 46%, Black = 52%.} 1-0

[Event "POR-chT 1st League 2017"]
[Site "Leiria"]
[Date "2017.07.18"]
[Round "2"]
[White "Sprenger, Jan Michael"]
[Black "Medarde Santiago, Luis Marcos"]
[Result "1-0"]
[WhiteElo "2514"]
[BlackElo "2354"]
[Annotator "TA"]
[PlyCount "59"]
[EventDate "2017.??.??"]
[EventType "team-tourn"]
[EventCountry "POR"]
[SourceTitle "playchess.com"]
[Source "ChessBase"]
[SourceQuality "1"]

{[%evp 12,59,0,2,8,-16,-15,-18,25,31,75,66,270,260,271,267,277,277,356,355,345,338,339,125,347,357,356,352,344,342,382,381,396,407,395,395,435,429,458,403,960,736,723,673,5385,2654,5414,1287,5414,5413]} 1. e4 c5 2. Nf3 g6 3. c3 d5 4. e5 Nc6 5. d4 cxd4 6. cxd4 Bg4 {B22: Sicilian: 2 c3} 7. Bb5 {LiveBook: 6 Games} (7. Be2 Nh6 8. Nbd2 f6 9. exf6 exf6 10. O-O Bg7 11. h3 Be6 12. Nb3 O-O 13. Nc5 Bc8 14. Re1 {1-0 (24) Topalov,V (2786)-Leon Hoyos,M (2570) Mexico City 2010}) 7... Qb6 8. Nc3 (8. Bxc6+ $5 bxc6 9. Nbd2 $14) 8... e6 {The position is equal.} 9. O-O Bxf3 10. Qxf3 ({Don't play} 10. gxf3 Nge7 $15) 10... Qxd4 11. Rd1 Qxe5 $2 {[#]} (11... Qb6 $1 $14) 12. Nxd5 $146 {[%mdl 512]} ({Predecessor:} 12. Bf4 Qh5 13. g4 Qh4 14. Be5 {0-1 (35) Bartakovic,T (2060)-Zufic,M (2439) Sibenik 2009}) 12... exd5 13. Bf4 Qf6 14. Qxd5 {[%csl Gd1][%cal Rd5d7]} Rd8 15. Bxc6+ bxc6 16. Qe4+ Ne7 {[#] aiming for ...Rxd1+.} 17. Rxd8+ $40 {[%mdl 128] White wants a kill.} Kxd8 18. Be5 Qe6 {White must now prevent ...f6.} 19. Qd4+ Nd5 {Hoping for ...f6.} 20. Bxh8 f6 21. Rd1 Be7 22. Qxa7 Ke8 23. a4 {[%cal Ba2a4,Ba4a5][%mdl 32]} Kf7 24. a5 Qg4 {[%cal Rg4d1]} 25. Re1 Kg8 (25... Qb4 $142 26. Rf1 Qg4) 26. Qa8+ {White is clearly winning.} Bf8 27. Qxc6 Nf4 28. Bxf6 {Qc4+ would kill now.} Bc5 29. Qe8+ Bf8 30. Qe4 {Precision: White = 93%, Black = 37%.} 1-0

[Event "POR-chT 1st League 2017"]
[Site "Leiria"]
[Date "2017.07.18"]
[Round "2"]
[White "Strikovic, Aleksa"]
[Black "Pinheiro, Albano"]
[Result "1-0"]
[WhiteElo "2509"]
[BlackElo "2071"]
[Annotator "TA"]
[PlyCount "53"]
[EventDate "2017.??.??"]
[EventType "team-tourn"]
[EventCountry "POR"]
[SourceTitle "playchess.com"]
[Source "ChessBase"]
[SourceQuality "1"]

{[%evp 14,53,22,24,53,47,54,51,89,76,139,133,164,162,162,160,182,168,175,160,185,186,187,187,249,187,249,244,222,227,229,221,335,347,414,413,402,398,352,290,1251,1243]} 1. c4 f5 2. Nf3 Nf6 3. g3 g6 4. Bg2 Bg7 5. O-O O-O 6. d4 d6 7. b4 c6 {A87: Dutch Defence: Leningrad System: 5 Nf3} 8. Bb2 {LiveBook: 171 Games} Qc7 (8... Kh8 9. Nbd2 Be6 10. Qc2 Nbd7 11. Rfe1 Bg8 12. a4 a6 13. a5 d5 14. Ne5 Ne4 15. cxd5 cxd5 {1-0 (35) Aleksandrov,A (2574)-Lu,S (2627) Doha 2016}) 9. Nbd2 Re8 {White is slightly better.} 10. Qb3 h6 $146 ({Predecessor:} 10... Kh8 11. Rfe1 e5 12. dxe5 dxe5 13. e4 a5 14. bxa5 Qxa5 15. a3 {0-1 (30) Mesman,E (2199)-Acevedo Mendez,L (1845) Reykjavik 2017}) 11. Rfe1 Kh7 (11... a5 $142) 12. e4 $16 fxe4 13. Nxe4 Nxe4 14. Rxe4 Bf5 15. Re3 Nd7 16. Nh4 e5 17. Nxf5 gxf5 18. Rae1 Rf8 (18... e4 $142 19. Bh3 Rf8) 19. Qc2 Kh8 (19... e4 $142 20. Bxe4 fxe4) 20. dxe5 $18 dxe5 21. Bh3 f4 22. Rd3 fxg3 (22... Nb6 $142 23. Bg2 fxg3 24. hxg3 (24. Rxg3 Rf4 $18) 24... Rad8 25. Rxd8 Rxd8) 23. Rxg3 ({Stronger than} 23. Rxd7 gxf2+ 24. Qxf2 Rxf2 $11) 23... Rf7 24. Qg6 Nf8 25. Qh5 {[%cal Re1e5]} Re8 26. Bf5 Qd6 $2 {[#]} (26... Ree7 27. Bc3 Qd6) 27. Qxf7 {Precision: White = 89%, Black = 29%.} 1-0

[Event "POR-chT 1st League 2017"]
[Site "Leiria"]
[Date "2017.07.18"]
[Round "2"]
[White "Larino Nieto, David"]
[Black "Iturrizaga Bonelli, Eduardo"]
[Result "1/2-1/2"]
[WhiteElo "2495"]
[BlackElo "2664"]
[Annotator "TA"]
[PlyCount "69"]
[EventDate "2017.??.??"]
[EventType "team-tourn"]
[EventCountry "POR"]
[SourceTitle "playchess.com"]
[Source "ChessBase"]
[SourceQuality "1"]

{[%evp 19,69,0,-9,-15,58,45,46,54,56,51,54,27,30,37,33,29,40,9,23,0,15,0,0,7,31,-14,-14,-15,-6,-29,-8,-43,0,0,0,0,0,0,0,0,0,0,0,0,0,0,0,0,0,0,0,0]} 1. g3 g6 2. Bg2 Bg7 3. Nc3 c5 4. e4 Nc6 5. d3 d6 6. f4 e5 7. Nh3 Nge7 8. O-O exf4 9. Nxf4 O-O 10. Be3 b5 {LiveBook: 4 Games. B25: Closed Sicilian: 3 g3, lines without early Be3} (10... Rb8 11. Qd2 b5 12. a3 a5 13. h3 b4 14. axb4 axb4 15. Nd1 Nd4 {½-½ (15) Balashov,Y (2581)-Kharlov,A (2639) Tomsk 2001}) 11. a3 {[%cal Ba2a3,Ba3a4][%mdl 32]} a5 $146 ({Black should try} 11... Rb8 $11) ({Predecessor:} 11... Rb8 12. Rb1 a5 13. Qd2 b4 14. axb4 axb4 15. Nce2 Ne5 16. h3 Ra8 17. b3 N5c6 18. d4 cxd4 19. Nxd4 Nxd4 20. Bxd4 {½-½ (56) Szuk,B (2420)-Tolnai,T (2470) Hungary 2010}) 12. Nxb5 $14 Bxb2 {White is slightly better.} 13. Rb1 Bg7 14. a4 Ne5 15. h3 Rb8 16. g4 Bb7 17. Qd2 Bc6 18. c4 Bb7 19. g5 Bc8 20. Rf2 f6 21. gxf6 $1 Bxf6 22. Ne2 N7c6 {[%cal Be7c6,Bc6b4,Bb4d3][%mdl 32]} 23. Rbf1 Rf7 24. Bh6 {[%cal Be3h6,Bh6g5,Bg5d8][%mdl 32]} Nb4 25. Kh2 {[#] Threatens to win with Rxf6!} Nbxd3 26. Rxf6 $1 {The position is equal.} Rxf6 27. Bg5 Rxf1 28. Bxd8 {Black must now prevent Bc7.} Rf2 29. Qxa5 {[#] And now Qc7 would win.} Rxe2 30. Qc7 $1 {[%cal Rc7b8]} Bxh3 $1 (30... Nf3+ $2 31. Kg3 $18) 31. Kxh3 Nf4+ 32. Kg3 Nh5+ (32... g5 $5 33. Bf3 $8 Rxb5 34. cxb5 (34. Bxe2 Nxe2+ 35. Kh2 Rb2 $11) 34... Re3 $16) 33. Kh3 Nf4+ 34. Kg3 Nh5+ (34... g5 $5 35. Bf3 $8 Rxb5 36. cxb5 (36. Bxe2 Nxe2+ 37. Kh2 Rb2 $11) 36... Re3 $14) 35. Kh3 {Precision: White = 45%, Black = 69%.} 1/2-1/2

[Event "POR-chT 1st League 2017"]
[Site "Leiria"]
[Date "2017.07.18"]
[Round "2"]
[White "Martinez Duany, Lelys Stanley"]
[Black "Luch, Michal"]
[Result "1/2-1/2"]
[WhiteElo "2495"]
[BlackElo "2393"]
[Annotator "TA"]
[PlyCount "46"]
[EventDate "2017.??.??"]
[EventType "team-tourn"]
[EventCountry "POR"]
[SourceTitle "playchess.com"]
[Source "ChessBase"]
[SourceQuality "1"]

{[%evp 23,46,-17,-4,-38,-9,-6,-9,-21,-22,-25,-17,-26,0,0,0,0,0,-26,0,-25,0,-11,-5,-8,0]} 1. Nf3 d5 2. c4 e6 3. g3 dxc4 4. Qa4+ Nd7 5. Bg2 a6 6. Qxc4 b5 7. Qc2 Bb7 8. O-O c5 9. b3 Ngf6 10. Bb2 Be7 11. a4 Rc8 12. d3 O-O 13. Nbd2 {A13: English Opening: 1...e6} Qb6 14. Qc3 $146 ({Predecessor:} 14. axb5 axb5 15. Qc3 Rfd8 16. Qa5 Qc6 17. Qc3 Bf8 18. Rfc1 Nd5 19. Qc2 Qb6 20. Ne5 {0-1 (42) Konopka,M (2418)-Socko,B (2617) Wroclaw 2014}) 14... Rfd8 15. Ra2 Bf8 16. axb5 axb5 17. Rfa1 Ra8 (17... Nd5 $5 {[%cal Rd5c3]} 18. Qc1 Nb4 $11) 18. Rxa8 Rxa8 19. Rxa8 Bxa8 20. e4 Ne8 21. Ne1 (21. b4 $5) 21... Be7 22. Qc1 Bb7 23. Qa1 Qa6 {Precision: White = 50%, Black = 32%.} 1/2-1/2

[Event "POR-chT 1st League 2017"]
[Site "Leiria"]
[Date "2017.07.18"]
[Round "2"]
[White "Suarez Garcia, Carlos"]
[Black "Hammes, Michael"]
[Result "1/2-1/2"]
[WhiteElo "2455"]
[BlackElo "2349"]
[Annotator "TA"]
[PlyCount "72"]
[EventDate "2017.??.??"]
[EventType "team-tourn"]
[EventCountry "POR"]
[SourceTitle "playchess.com"]
[Source "ChessBase"]
[SourceQuality "1"]

{[%evp 9,72,-12,-7,-15,7,-14,-18,-16,-23,-74,-33,-34,-41,-31,-37,-28,-10,-52,-35,-32,-8,-9,-14,-57,-33,-36,-41,-56,0,0,0,0,0,0,0,-9,0,-75,0,-3,0,0,0,0,0,-89,-87,-98,-70,-76,-71,-74,-30,-35,-30,-37,-44,-37,-36,-49,-45,-46,0,0,-7]} 1. c4 e6 2. g3 d5 3. Bg2 d4 4. Nf3 c5 {[%cal Bc7c5,Bc5b4][%mdl 32]} 5. b4 cxb4 6. a3 {A13: English Opening: 1...e6} Nc6 7. d3 a5 8. O-O Nf6 9. Nbd2 (9. e3 $11 {remains equal.}) 9... h6 10. axb4 $146 ({Predecessor:} 10. Qa4 Bd7 11. Bb2 e5 12. Qb5 Qc7 13. Nb3 a4 14. axb4 {0-1 (53) Fressinet,L (2702)-Fridman,D (2649) Berlin 2015}) 10... Bxb4 11. Ba3 Bxa3 12. Rxa3 O-O 13. Qa1 e5 14. Rb1 Re8 15. Ne1 Qc7 16. Rab3 Ra6 17. Nc2 b6 $36 {[%mdl 2048] Black is pushing.} 18. Qa4 Nb8 19. Ne4 Nbd7 20. Nxf6+ $1 Nxf6 21. Qc6 Qxc6 22. Bxc6 Re6 23. Bb5 {[#]} (23. Bg2 $11) 23... Ra7 (23... Ra8 $1 $17) 24. f4 $1 $11 exf4 25. Nxd4 Rd6 26. Nc6 Rc7 27. Ba4 (27. gxf4 $11 {keeps the balance.} Nh5 28. e3) 27... fxg3 ({But not} 27... Rdxc6 28. Bxc6 Rxc6 29. Rxb6 $11) 28. hxg3 Bd7 ({Much weaker is} 28... Rdxc6 29. Bxc6 Rxc6 30. Rxb6 $11) (28... Kh7 {is interesting.} 29. Ne5 Re7 30. d4 Bf5 31. Rc1 h5) 29. Ne7+ Kh7 30. Bxd7 Nxd7 (30... Rdxd7 {feels hotter.} 31. Nf5 Rc5 32. Nh4 Re5 33. Kf1 Rde7) 31. Nd5 Rcc6 32. Ne7 Rc5 {Strongly threatening ...Re6.} 33. Nd5 {[%cal Rd5b6]} Re6 34. Kf2 Rcc6 35. Rb5 g5 36. e4 Kg6 {Precision: White = 70%, Black = 63%.} 1/2-1/2

[Event "POR-chT 1st League 2017"]
[Site "Leiria"]
[Date "2017.07.18"]
[Round "2"]
[White "Brodowski, Piotr"]
[Black "Sousa, Andre Ventura"]
[Result "0-1"]
[WhiteElo "2442"]
[BlackElo "2368"]
[Annotator "TA"]
[PlyCount "96"]
[EventDate "2017.??.??"]
[EventType "team-tourn"]
[EventCountry "POR"]
[SourceTitle "playchess.com"]
[Source "ChessBase"]
[SourceQuality "1"]

{[%evp 18,96,18,12,10,0,10,0,6,10,25,14,19,24,23,-47,14,21,14,15,3,4,44,42,41,44,46,38,63,45,51,56,62,15,72,81,51,39,75,77,56,55,63,61,52,0,0,0,0,-68,-23,-145,-18,-163,-62,-177,-63,-177,-165,-192,-102,-97,-87,-1438,-1416,-1603,-1576,-1555,-1441,-1643,-809,-892,-708,-908,-754,-754,-754,-754,-747,-737,-737]} 1. c4 e6 2. g3 d5 3. Bg2 Nf6 4. Nf3 Be7 5. O-O O-O 6. d4 dxc4 7. Qc2 a6 8. a4 Bd7 9. Qxc4 Bc6 10. Bf4 Bd6 {E05: Open Catalan: 5 Nf3 Be7} (10... Nbd7 11. Nc3 Bd6 12. a5 Bxf4 13. gxf4 Nd5 14. e3 Nxc3 15. Qxc3 Bxf3 16. Bxf3 c6 17. Kh1 Qe7 18. Rg1 g6 19. Rg5 {½-½ (80) Aronian,L (2793)-Kramnik,V (2808) Leuven 2017}) 11. Qc1 a5 12. Nc3 Na6 {The position is equal.} 13. Rd1 Qe7 $146 ({Predecessor:} 13... Nb4 14. Bg5 Be7 15. Ne5 Bxg2 16. Kxg2 Nfd5 17. Bxe7 Qxe7 18. e4 Nb6 19. Ne2 f6 20. Nd3 Nxd3 21. Rxd3 f5 22. Re3 {½-½ (22) Ghosh,D (2569)-Neelotpal,D (2438) Mumbai 2017}) 14. Bg5 {[%cal Bf4g5,Bg5h4,Bh4g3,Bg3d6][%mdl 32] Threatens to win with e4!} h6 15. Bh4 {With the idea e4!} Nb4 {[#]} 16. g4 (16. e4 $1 $11 {[%mdl 512]} e5 (16... Bxe4 17. Nxe4) 17. Nb5) 16... Qd8 {[#]} (16... g5 $15 17. Nxg5 (17. Bxg5 hxg5 18. Qxg5+ Kh8 $17) 17... Nxg4 18. Bxc6 hxg5) 17. e4 $1 $11 {[%mdl 512]} Be7 $1 (17... Bxe4 18. Nxe4) 18. Ne5 Nd7 19. Nxc6 Nxc6 (19... bxc6 {seems wilder.} 20. Bg3 Bh4 21. Qf4 Rc8 22. e5 Qe7) 20. Bg3 Nb4 21. Nb5 c6 22. Nd6 Qb6 23. Qc3 Bxd6 24. Bxd6 Rfd8 25. Qg3 Rac8 (25... Nc2 $11 {keeps the balance.} 26. Bc7 Qb4) 26. Rac1 c5 27. d5 exd5 28. exd5 c4 29. Be7 Re8 30. d6 $1 {Strongly threatening g5.} Nd3 31. Rc2 (31. Rb1 $1 $14) 31... Qb3 32. Rcd2 Qxa4 {And now ...Nxb2! would win.} 33. Bxb7 (33. g5 $11 hxg5 34. Bxg5) 33... Rc5 34. Qf3 (34. Be4 $11) 34... N7e5 (34... Rb8 $17 {White must now prevent ...Nxb2!} 35. Bd5 N7e5) 35. Qe4 (35. Qe2 $11 {and White is okay.}) 35... Qd7 (35... Qb5 $1 $19 36. Qg2 Nxb2) 36. h3 $15 Rb8 $1 $36 {[%cal Rb8b7][%mdl 2048] Black fights for an advantage.} 37. Bd5 (37. Ba6 $1 $15) 37... Rbb5 $19 38. b3 Rxb3 ({But not} 38... Rxd5 39. bxc4 f5 40. gxf5 $17) (38... cxb3 $19 39. Rxd3 Nxd3 40. Rxd3 b2) 39. Rc2 $17 {[%cal Rd5c4] [#]} Rb4 $1 {aiming for ...c3.} 40. Rxd3 $4 {[%mdl 8192]} (40. Rc3 $17) 40... cxd3 $19 {Black is clearly winning.} ({Not} 40... Nxd3 41. Bxc4 Ne5 42. Qa8+ Kh7 {[#]} 43. Bxf7 $1 $17 {[%mdl 512]}) 41. Rxc5 Rxe4 42. Bxe4 d2 43. Bc2 Nc6 (43... Nf3+ $142 44. Kh1 Ne1) 44. Kg2 g6 45. Ba4 {[#]} Nxe7 $1 {[%mdl 512]} 46. Bxd7 (46. dxe7 Qxa4) 46... d1=Q 47. dxe7 Qxd7 48. Re5 Qe8 {Precision: White = 42%, Black = 45%.} 0-1